Fundamentals of Computers (Record no. 17)

MARC details
000 -LEADER
fixed length control field 00494cam a2200205ua 4500
008 - FIXED-LENGTH DATA ELEMENTS--GENERAL INFORMATION
fixed length control field 190725n ii |||gr||||Z||||||eng
020 ## - INTERNATIONAL STANDARD BOOK NUMBER
International Standard Book Number 978-81-203-2581-4
040 ## - CATALOGING SOURCE
Transcribing agency MAIN
041 ## - LANGUAGE CODE
-- eng
082 ## - DEWEY DECIMAL CLASSIFICATION NUMBER
Classification number 004
100 ## - MAIN ENTRY--PERSONAL NAME
Personal name Rajaraman, V,
245 ## - TITLE STATEMENT
Title Fundamentals of Computers
Statement of responsibility, etc. By V. Rajaraman.
250 ## - EDITION STATEMENT
Edition statement 4th.
260 ## - PUBLICATION, DISTRIBUTION, ETC.
Place of publication, distribution, etc. New Delhi.:
Name of publisher, distributor, etc. PHI,
Date of publication, distribution, etc. 2007.
300 ## - PHYSICAL DESCRIPTION
Extent ix, 417 p.:
Other physical details ill;
Dimensions 27 cm.
942 ## - ADDED ENTRY ELEMENTS (KOHA)
Koha item type Books
653 ## - INDEX TERM--UNCONTROLLED
Uncontrolled term Computer Science
653 ## - INDEX TERM--UNCONTROLLED
Uncontrolled term Computer Fundamentals
Holdings
Withdrawn status Lost status Damaged status Not for loan Home library Current library Shelving location Date acquired Total Checkouts Full call number Barcode Date last seen Copy number Price effective from Koha item type Date last checked out
        Central Library, Naharkatiya College Central Library, Naharkatiya College General Stacks 19/09/2020   004 | RAJ 17141 19/09/2020 4 19/09/2020 Books  
        Central Library, Naharkatiya College Central Library, Naharkatiya College General Stacks 19/09/2020 1 004 | RAJ 17771 25/09/2025 3 19/09/2020 Books 19/09/2025
        Central Library, Naharkatiya College Central Library, Naharkatiya College General Stacks 19/09/2020   004 | RAJ 17772 19/09/2020 2 19/09/2020 Books  
        Central Library, Naharkatiya College Central Library, Naharkatiya College General Stacks 19/09/2020 1 004 | RAJ 18492 23/08/2021 5 19/09/2020 Books 20/08/2021
        Central Library, Naharkatiya College Central Library, Naharkatiya College General Stacks 19/09/2020 1 004 | RAJ 18493 12/12/2020 1 19/09/2020 Books 26/11/2020

Naharkatiya College © 2020. All rights reserved.

Powered By